000 00840nam a22002297a 4500
005 2009092205315.0
008 090922t xxu||||| |||| 00| 0 eng d
010 _aB-358166
020 _a8183411363
_c100.00 (app.)
035 _aB-358166
037 _bDBAD / PUB
040 _adpl
_bEnglish
082 _aN
100 _aDoyle, Sir Arthur Canan
245 _aThe hound of the baskervilles /
_cby Sir Arthur Canan Doyle
260 _aDelhi
_bRohan Book Company
_c2004
270 _aG-22, Indraprastha Apptt. Patpar Ganj, Plot No. 114,
_bDelhi
_e110092
300 _a200p.
_bill.
_c20cm(Hb)
490 _aClassic library
942 _2ddc
_cCH
_hN
_mDOY
999 _c30607
_d30607